[Event "Canadian op"]
[Site "Calgary"]
[Date "2023.07.22"]
[Round "1"]
[White "Giles, Patrick"]
[Black "Su, Ethan"]
[Result "0-1"]
[WhiteElo "1563"]
[BlackElo "1954"]
[PlyCount "104"]
[EventDate "2023.07.22"]
[EventType "swiss"]
[EventRounds "10"]
[EventCountry "CAN"]
[SourceTitle "EXT 2024"]
[Source "ChessBase"]
[SourceDate "2023.10.10"]
[SourceVersion "1"]
[SourceVersionDate "2023.10.10"]
[SourceQuality "1"]

1. f4 d5 2. Nf3 Bg4 3. Ne5 Bf5 4. e3 Nd7 5. d4 Ngf6 6. Bd3 e6 7. Bxf5 exf5 8. 0-0 Bd6 9. Nd2 Qe7 10. c4 c6 11. Qb3 Rb8 12. Ndf3 0-0 13. Ng5 h6 14. Ngf3 Rfd8 15. Bd2 Bc7 16. Be1 Nb6 17. c5 Nbd7 18. Bh4 Qe6 19. Rae1 Re8 20. Nxd7 Nxd7 21. Ne5 Nf8 22. Qc2 f6 23. Nd3 g5 24. Bg3 Ng6 25. Qe2 Qd7 26. Qh5 Qh7 27. fxg5 Bxg3 28. hxg3 fxg5 29. Rxf5 Nf4 30. Rxf4 gxf4 31. Nxf4 Qg7 32. g4 Qg5 33. Qh3 Re4 34. Qf3 Rf8 35. g3 Rfe8 36. Kf2 R8e7 37. Kg2 Rxd4 38. Re2 Rde4 39. Nh5 Rf7 40. Nf4 Kh8 41. Kf2 Rfe7 42. Kg2 Kg8 43. Kf2 Rf7 44. Kg2 Kf8 45. Kf2 Ke8 46. Kg2 Rfe7 47. Kf2 Rg7 48. Nh5 Rf7 49. Nf4 Rfe7 50. Kg2 d4 51. Nh5 Rxe3 52. Rf2 Rxf3 0-1